|
|
|
|
| LEADER |
00000nam a2200000 i 4500 |
| 001 |
1/92873 |
| 008 |
991118s1997 eng d |
| 020 |
|
|
|a 1-86049-101-4
|
| 035 |
|
|
|l 10054210
|
| 040 |
|
|
|a GR-MY-UA
|b gre
|e aacr
|
| 041 |
0 |
|
|a eng
|
| 082 |
0 |
|
|a 155.4
|
| 100 |
1 |
|
|a Miller, Alice.
|
| 245 |
1 |
4 |
|a The drama of being a child :
|b the search for the true self /
|c Alice Miller
|
| 250 |
|
|
|a ed. rev.
|
| 260 |
|
|
|a London :
|b Virago,
|c 1997
|
| 300 |
|
|
|a 164 p.
|
| 650 |
0 |
0 |
|a Narcissism.
|
| 650 |
0 |
0 |
|a Child psychology.
|
| 650 |
0 |
0 |
|a Psychology, Pathological.
|
| 852 |
|
|
|a INST
|b RHODES
|e 19991118
|h 155.4 MIL
|p 005400012534
|q 005400012534
|t BK
|y 0
|
| 901 |
|
|
|a BIBL4-1999-3
|
| 909 |
|
|
|a Ρ
|b 069094
|
| 922 |
|
|
|a 4ΕΛΗ
|b 199909
|c ΚΠΣ/154
|d GLORY BOOKS
|
| 970 |
|
|
|a ΚΟΥΛΑΚΙΟΤΗ
|b ΛΙΤΣΑ
|z 1999/11/18
|